Vittorio Alfieri életműve

Bibliographic Details
Main Author: Puskás, István 1972- (Author)
Format: Article
Language:Slovak
Hungarian
PhysicalDescription:Obr.
ISSN:1335-1826
Subjects:

MARC

LEADER 00000nab a2200000 a 4500
001 vtls008887556
003 SK-MaSNL
005 20260304134325.0
008 250505c2006 xo ||||||||o |000 b|slo
015 |a SNBRB2006/12  |2 snkbucl 
035 |a (uuid)25e95d7d-cc57-4827-9ad5-ac86f3c127fe 
035 |a urn:nbn:sk:snk-ab1wma 
035 |a (urnnbn)urn:nbn:sk:snk:ar-a0151z 
038 |a SNKBUCL 
040 |a SNKBUCL  |b slo  |c SNKBUCL  |e AACR2 
041 0 |a hun 
044 |a xo  |c SK 
080 |a 82:821.131.1  |x (048)  |2 1997 
080 |a 821.131.1:929  |x (048)  |2 1997 
080 |a 929 Alfieri, Vittorio  |x (048)  |2 1997 
100 1 |a Puskás, István  |d 1972-  |4 aut  |9 1416921 
245 1 0 |a Vittorio Alfieri életműve  |c Puskás István 
300 |b Obr. 
600 1 7 |a Alfieri, Vittorio,  |d 1749-1803  |2 snkbucl  |9 225326 
650 0 7 |a monografie  |2 snkbucl  |9 256509 
655 7 |a recenzie  |2 snkbucl  |9 21907 
773 0 |t Kalligram : művészet és gondolat  |g Évf. XV, sz. szeptember-október (2006), o. 144-146  |x 1335-1826 
787 0 8 |i Rec.:  |a Madarász, Imre, 1962-  |t Vittorio Alfieri életműve felvilágosodás és Risorgimento, klasszicizmus és romantika között  |d Budapest : Hungarovox, 2004 
850 |a Slovenská národná knižnica 
852 |a Slovenská národná knižnica 
958 |a article27 
958 |a OND 
958 |a HU 
958 |a LX 
958 |a IT 
958 |a BC 
958 |a RC 
999 |c 2906331  |d 2908261